<?xml version="1.0" encoding="UTF-8"?>
<record
    xmlns:xsi="http://www.w3.org/2001/XMLSchema-instance"
    xsi:schemaLocation="http://www.loc.gov/MARC21/slim http://www.loc.gov/standards/marcxml/schema/MARC21slim.xsd"
    xmlns="http://www.loc.gov/MARC21/slim">

  <leader>02743nam a2200313 i 4500</leader>
  <controlfield tag="003">CSPC</controlfield>
  <controlfield tag="005">20260130102503.0</controlfield>
  <controlfield tag="008">260129s2024    ph a     b    000 0 eng d</controlfield>
  <datafield tag="040" ind1=" " ind2=" ">
    <subfield code="a">CSPC</subfield>
    <subfield code="b">eng</subfield>
    <subfield code="c">CSPC</subfield>
    <subfield code="e">rda</subfield>
  </datafield>
  <datafield tag="090" ind1=" " ind2=" ">
    <subfield code="a">UTH BSHM C757s 2024</subfield>
  </datafield>
  <datafield tag="100" ind1="1" ind2=" ">
    <subfield code="a">Constante, Ma. Donna C.,</subfield>
    <subfield code="e">author.</subfield>
  </datafield>
  <datafield tag="245" ind1="1" ind2="0">
    <subfield code="a">Sitaw cracklings / </subfield>
    <subfield code="c">Ma. Donna C. Constante, [and 3 others].</subfield>
  </datafield>
  <datafield tag="300" ind1=" " ind2=" ">
    <subfield code="a">150 leaves.</subfield>
  </datafield>
  <datafield tag="336" ind1=" " ind2=" ">
    <subfield code="2">rdacontent</subfield>
    <subfield code="a">text</subfield>
  </datafield>
  <datafield tag="337" ind1=" " ind2=" ">
    <subfield code="2">rdamedia</subfield>
    <subfield code="a">unmediated</subfield>
  </datafield>
  <datafield tag="338" ind1=" " ind2=" ">
    <subfield code="2">rdacarrier</subfield>
    <subfield code="a">volume</subfield>
  </datafield>
  <datafield tag="502" ind1=" " ind2=" ">
    <subfield code="a">Undergraduate Theses (BSHM) - Hospitality Management.</subfield>
    <subfield code="c">Camarines Sur Polytechnic Colleges, 2024.</subfield>
  </datafield>
  <datafield tag="504" ind1=" " ind2=" ">
    <subfield code="a">Includes bibliographic references.</subfield>
  </datafield>
  <datafield tag="520" ind1="3" ind2=" ">
    <subfield code="a">Sitaw, commonly cultivated in the Philippines, is an abundant and accessible legume often found in backyards and local markets. This study examines the development of Sitaw Cracklings, an innovative snack utilizing Sitaw as its primary ingredient. The research evaluated the acceptability of two Sitaw Cracklings variants&#x2014; Classic and Spicy&#x2014;assessing key sensory attributes: appearance, aroma, taste, and texture. Additionally, it identified the most preferred variant and proposed further innovative Sitaw-based products based on the findings. The study employed a quantitative development research design, gathering data from 50 respondents, including 10 young entrepreneurs, 10 CTHBM instructors, and 30 third-year BSHM students. A self-made questionnaire was used as the primary data collection tool, and the results were analyzed using weighted mean calculations. The findings revealed that Spicy Sitaw Cracklings achieved the highest overall acceptability, with a total weighted mean (TWM) of 3.82, making it the most preferred variant. The Classic Sitaw Cracklings followed with a TWM of 3.62. Both variants were rated as "Highly Acceptable," with specific ratings of 3.53 for Classic and 3.56 for Spicy. While respondents expressed high satisfaction with both products, they recommended incorporating new flavors and enhancing the appearance and aroma to further improve sensory appeal. As an output, the study developed a brochure showcasing the recipe and preparation process for Sitaw Cracklings, highlighting Sitaw's versatility as an ingredient and its potential for creating sustainable and innovative food products.</subfield>
  </datafield>
  <datafield tag="700" ind1="1" ind2=" ">
    <subfield code="a">Arbo, Trisha Mae L.</subfield>
    <subfield code="e">author.</subfield>
  </datafield>
  <datafield tag="700" ind1="1" ind2=" ">
    <subfield code="a">Bucad, John Patrick G.</subfield>
    <subfield code="e">author.</subfield>
  </datafield>
  <datafield tag="700" ind1="1" ind2=" ">
    <subfield code="a">Buquiron, Diana Angela V.</subfield>
    <subfield code="e">author.</subfield>
  </datafield>
  <datafield tag="720" ind1=" " ind2=" ">
    <subfield code="a">Carilo, Maruja C.</subfield>
    <subfield code="e">adviser.</subfield>
  </datafield>
  <datafield tag="720" ind1=" " ind2=" ">
    <subfield code="a">Oliveros, Rosanna B.</subfield>
    <subfield code="e">chair, panelist.</subfield>
  </datafield>
  <datafield tag="720" ind1=" " ind2=" ">
    <subfield code="a">Bulalacao, Rosalie B.</subfield>
    <subfield code="e">panelist.</subfield>
  </datafield>
  <datafield tag="720" ind1=" " ind2=" ">
    <subfield code="a">Lumabe, John Mykelle H.</subfield>
    <subfield code="e">panelist.</subfield>
  </datafield>
  <datafield tag="942" ind1=" " ind2=" ">
    <subfield code="2">ddc</subfield>
    <subfield code="n">0</subfield>
    <subfield code="c">UM</subfield>
    <subfield code="h">C757s </subfield>
    <subfield code="i">BSHM</subfield>
    <subfield code="k">UTH</subfield>
    <subfield code="m">2024</subfield>
  </datafield>
  <datafield tag="952" ind1=" " ind2=" ">
    <subfield code="0">0</subfield>
    <subfield code="1">0</subfield>
    <subfield code="2">ddc</subfield>
    <subfield code="4">0</subfield>
    <subfield code="7">0</subfield>
    <subfield code="a">CSPC</subfield>
    <subfield code="b">CSPC</subfield>
    <subfield code="c">UTH</subfield>
    <subfield code="d">2026-01-29</subfield>
    <subfield code="l">0</subfield>
    <subfield code="o">UTH BSHM C757s 2024</subfield>
    <subfield code="p">007164UM</subfield>
    <subfield code="r">2026-01-29 08:59:31</subfield>
    <subfield code="t">1-1</subfield>
    <subfield code="w">2026-01-29</subfield>
    <subfield code="y">UM</subfield>
  </datafield>
  <datafield tag="999" ind1=" " ind2=" ">
    <subfield code="c">31631</subfield>
    <subfield code="d">31631</subfield>
  </datafield>
</record>
